Be stars (Record no. 12796)
[ view plain ]
| 000 -LEADER | |
|---|---|
| fixed length control field | 00755nam a2200217Ia 4500 |
| 003 - CONTROL NUMBER IDENTIFIER | |
| control field | IN-BaIIA |
| 008 - FIXED-LENGTH DATA ELEMENTS--GENERAL INFORMATION | |
| fixed length control field | 211028s9999 xx 000 0 eng d |
| 020 ## - INTERNATIONAL STANDARD BOOK NUMBER | |
| International Standard Book Number | 0-7923-5208-4 |
| 040 ## - CATALOGING SOURCE | |
| Transcribing agency | IIA Library |
| 080 ## - UNIVERSAL DECIMAL CLASSIFICATION NUMBER | |
| Universal Decimal Classification number | 52(082.1) |
| Item number | ASS-233 |
| 111 ## - MAIN ENTRY--MEETING NAME | |
| Meeting name or jurisdiction name as entry element | Paris workshop |
| Location of meeting | France |
| Date of meeting or treaty signing | 1997 June 9-12 |
| 9 (RLIN) | 22425 |
| 245 #0 - TITLE STATEMENT | |
| Title | Be stars |
| Remainder of title | proceedings of the Paris workshop Paris, France, 9-12 Jun 1997 |
| Statement of responsibility, etc. | edited by A. M. Hubert, Jaschek, C |
| 260 ## - PUBLICATION, DISTRIBUTION, ETC. | |
| Place of publication, distribution, etc. | Dordrecht |
| Name of publisher, distributor, etc. | Kluwer Academic |
| Date of publication, distribution, etc. | 1998 |
| 300 ## - PHYSICAL DESCRIPTION | |
| Extent | xiv, 289p. |
| 490 ## - SERIES STATEMENT | |
| Series statement | Astrophysics and space science library; v. 233 |
| 650 ## - SUBJECT ADDED ENTRY--TOPICAL TERM | |
| Topical term or geographic name entry element | B[e] Stars |
| 9 (RLIN) | 22426 |
| 650 ## - SUBJECT ADDED ENTRY--TOPICAL TERM | |
| Topical term or geographic name entry element | Stars |
| 700 ## - ADDED ENTRY--PERSONAL NAME | |
| Personal name | Hubert, A. M., ed. |
| 9 (RLIN) | 22427 |
| 700 ## - ADDED ENTRY--PERSONAL NAME | |
| Personal name | Jaschek, C., ed. |
| 9 (RLIN) | 12218 |
| 942 ## - ADDED ENTRY ELEMENTS (KOHA) | |
| Koha item type | Books |
| Withdrawn status | Lost status | Damaged status | Not for loan | Home library | Current library | Shelving location | Date acquired | Cost, normal purchase price | Total Checkouts | Full call number | Barcode | Date last seen | Cost, replacement price | Price effective from | Koha item type | Purchase Price |
|---|---|---|---|---|---|---|---|---|---|---|---|---|---|---|---|---|
| IIA Library-Bangalore | IIA Library-Bangalore | General Stacks | 10/12/1998 | 5640.00 | 52(082.1)/ ASS-233 | 13713 | 05/11/2021 | 5640.00 | 10/12/1998 | Books | Rs. 5640.00 |